00472nam a2200169Ia 4500008003600000041000800036082001200044100002200056245001900078260002200097650000900119650001400128690002200142906001100164999001900175952010800194210210b xxu||||| |||| 00| 0 eng d aeng a879/110 aPALA GOPALAN NAIR aYuva hridhayam abNot Mentionedc aYuva ahridhayam aMalayalam Fiction a002776 c124789d124789 001040728MalyalamaALbALd2021-02-17g0.00l0o879/110p002776r2021-02-17 00:00:00w2021-02-17yBK